007620000a220009700045001000022000002450092000223000050001145000028001645200427001927730045006191 aBustelo, Gabriela10aLa revancha de Woody Allen : Aplauso general para la última película del neoyorkino aVol.0, núm.4 (Enero, 2006), Páginas 24-25 aEscritora y traductora. aCriticado por prolífico, repetitivo y hasta por haberse enredado con su hijastra, Woody Allen parecía condenado al ostracismo. El tema de la comedia ingeniosa situada en el familiar Manhattan se había agotado. Pero con el estreno de Match Point, un refinado drama enmarcado en la clase alta londinense, Allen se gana el respeto de la crítica inclemente de su país y cierra muchas bocas que lo creían acabado.0 tArcadia / Andrés Felipe Solano, Editor